Proyecto, imagen, algoritmo (Registro nro. 324938)

Detalles MARC
000 -ENCABEZADO
Número de control [NR] 00966nam a22002537a 4500
005 - FECHA Y HORA DE LA ÚLTIMA TRANSACCIÓN
control field 20241016084405.0
008 - DE LONGITUD FIJA DE DATOS DE ELEMENTOS - INFORMACIÓN GENERAL
Elementos de longitud fija [NR] 241016t ||||| |||| 00| 0 spa d
020 ## - NUMERO INTERNACIONAL NORMALIZADO PARA LIBROS [R]
Número Internacional Normalizado del libro [NR] 9789585054530
040 ## - FUENTE DE CATALOGACION [NR]
Agencia de catalogación original [NR] CO-BoUCM
Quien Cataloga David Moreno
Quien Clasifica David Moreno
041 ## - CODIGO DE IDIOMA [R]
Código de idioma para texto/pista de sonido o título separado [R] Español
245 00 - MENCION DE TITULO [NR]
Título [NR] Proyecto, imagen, algoritmo
Mención de responsabilidad, etc. [NR] Ricardo Cedeño Montaña, John Ferney Arango Florez
250 ## - MENCION DE EDICION [NR]
Mención de edición [NR] 1a. Ed
260 ## - PUBLICACION, DISTRIBUCION, ETC. (PIE DE IMPRENTA) [R]
Lugar de publicación, distribución, etc. [R] Medellin, Colombia
Nombre del editor, distribuidor, etc. [R] Universidad Nacional de Colombia
Fecha de publicación, distribución, etc. [R] 2023
300 ## - DESCRIPCION FISICA [R]
Extensión [R] 297 Paginas
Otros detalles físicos [NR] ilustraciones, mapas
650 14 - ASIENTO SECUNDARIO DE MATERIA - TERMINO TEMATICO [R]
Término temático o nombre geográfico como elemento de entrada [NR] Escuela de arquitectura
9 (RLIN) 183523
650 14 - ASIENTO SECUNDARIO DE MATERIA - TERMINO TEMATICO [R]
Término temático o nombre geográfico como elemento de entrada [NR] Diseño arquitectonico
9 (RLIN) 13371
650 14 - ASIENTO SECUNDARIO DE MATERIA - TERMINO TEMATICO [R]
Término temático o nombre geográfico como elemento de entrada [NR] Medios de comunicación de masas y cultura
9 (RLIN) 19240
650 14 - ASIENTO SECUNDARIO DE MATERIA - TERMINO TEMATICO [R]
Término temático o nombre geográfico como elemento de entrada [NR] Proyectos arquitectónicos
9 (RLIN) 76604
650 14 - ASIENTO SECUNDARIO DE MATERIA - TERMINO TEMATICO [R]
Término temático o nombre geográfico como elemento de entrada [NR] Dibujo arquitectónico
9 (RLIN) 13209
700 1# - ASIENTO SECUNDARIO - NOMBRE PERSONAL [R]
Nombre personal [NR] Cedeño Montaña, Ricardo
Término de relación [R] editor
9 (RLIN) 183524
700 1# - ASIENTO SECUNDARIO - NOMBRE PERSONAL [R]
Nombre personal [NR] Arango Florez, John Ferney
Término de relación [R] editor
9 (RLIN) 183525
942 ## - ELEMENTOS DE ENTRADA AGREGADOS (KOHA)
Sistema de clasificación DEWEY
Tema principal Arte
Tipo de ítem principal el descrito en 300a Libro
Edición 1
Clasificación 729
Parte restante de la signatura top. C389p
Título oculto en OPAC No
Existencias
Total préstamos Signatura topográfica Código de barras Última vez visto Ejemplar Costo de reposición Price effective from Tipo de ítem Perdido Sistema de clasificación Dañado No prestable Tipo de ítem específico Suprimido Ubicación habitual Ubicación actual Localización Fecha de creación Forma de adquisición
  729 C389p 100172782 06/12/2025 Ej.1 26000.00 16/10/2024 Libro   DEWEY     Libro   Claustro Claustro 2do piso 16/10/2024 Donación